[Event "Hvar Arsenal blitz op 2nd"]
[Site "Hvar"]
[Date "2023.10.19"]
[Round "8"]
[White "Filipovic, Branko"]
[Black "Lavrov, Maxim1"]
[Result "0-1"]
[WhiteElo "2141"]
[BlackElo "2194"]
[PlyCount "94"]
[EventDate "2023.10.19"]
[EventType "swiss (blitz)"]
[EventRounds "11"]
[EventCountry "CRO"]
[SourceTitle "Mega2024 Update 01"]
[Source "Chessbase"]
[SourceDate "2023.11.12"]
[SourceVersion "1"]
[SourceVersionDate "2023.11.12"]
[SourceQuality "1"]

1. e4 c6 2. Nc3 d5 3. Nf3 Bg4 4. h3 Bxf3 5. Qxf3 e6 6. Be2 Nf6 7. 0-0 Nbd7 8. d3 Be7 9. Qg3 g6 10. Bh6 Qb6 11. e5 Nh5 12. Bxh5 gxh5 13. Na4 Qd4 14. b3 0-0-0 15. c3 Qxe5 16. Qxe5 Nxe5 17. Bg7 Nxd3 18. Bxh8 Rxh8 19. Rad1 Nf4 20. Kh2 h4 21. Nb2 Bd6 22. Kh1 Rg8 23. Nd3 Ne2 24. c4 Nc3 25. Rd2 d4 26. c5 Bc7 27. Re1 Nd5 28. Re4 e5 29. Rxh4 f5 30. f3 Re8 31. Nf2 Re7 32. g4 e4 33. Nxe4 fxe4 34. fxe4 Rxe4 35. Rxh7 b6 36. cxb6 axb6 37. g5 Nf4 38. Kh2 Ne6+ 39. Kg2 Nxg5 40. Rh8+ Kb7 41. h4 Rg4+ 42. Kf2 Ne4+ 43. Kf3 Rf4+ 44. Kg2 Nxd2 45. h5 Ne4 46. h6 Nf6 47. h7 Rh4 0-1

[Event "SUI-chT"]
[Site "Switzerland"]
[Date "2023.08.26"]
[Round "6.3"]
[White "Filipovic, Branko"]
[Black "Gaehwiler, Gabriel"]
[Result "1/2-1/2"]
[WhiteElo "2310"]
[BlackElo "2404"]
[PlyCount "73"]
[EventDate "2023.04.16"]
[EventType "team-tourn"]
[EventRounds "9"]
[EventCountry "SUI"]
[SourceTitle "EXT 2024"]
[Source "ChessBase"]
[SourceDate "2023.10.10"]
[SourceVersion "1"]
[SourceVersionDate "2023.10.10"]
[SourceQuality "1"]
[WhiteTeam "Trubschachen"]
[BlackTeam "Luzern"]
[WhiteTeamCountry "SUI"]
[BlackTeamCountry "SUI"]

1. e4 c5 2. Nf3 d6 3. d4 cxd4 4. Qxd4 Nc6 5. Bb5 Bd7 6. Bxc6 bxc6 7. 0-0 e5 8. Qd3 Be7 9. c4 Nf6 10. Nc3 Be6 11. b3 0-0 12. Rd1 Qc7 13. Bb2 Nh5 14. Ne2 c5 15. Bc1 f5 16. Ng5 fxe4 17. Nxe6 exd3 18. Nxc7 dxe2 19. Re1 Rab8 20. Nd5 Rb7 21. Rxe2 Nf6 22. Nc3 h6 23. Be3 Rd8 24. Rd1 Rbd7 25. f4 exf4 26. Bxf4 Kf7 27. h3 d5 28. cxd5 Nxd5 29. Nxd5 Rxd5 30. Rxd5 Rxd5 31. Re4 Bd8 32. Be3 Rd1+ 33. Kf2 Bb6 34. b4 cxb4 35. Bxb6 axb6 36. Rxb4 Rd2+ 37. Kf3 1/2-1/2

[Event "SUI-ch Seniors 122nd"]
[Site "Leukerbad"]
[Date "2023.07.21"]
[Round "5"]
[White "Filipovic, Branko"]
[Black "Kuhn, Thomas"]
[Result "0-1"]
[WhiteElo "2318"]
[BlackElo "2070"]
[PlyCount "56"]
[EventDate "2023.07.17"]
[EventType "tourn"]
[EventRounds "7"]
[EventCountry "SUI"]
[SourceTitle "CBM 215 Extra"]
[Source "ChessBase"]
[SourceDate "2023.09.30"]
[SourceVersion "1"]
[SourceVersionDate "2023.09.30"]
[SourceQuality "1"]

1. e4 g6 2. d4 Bg7 3. Nc3 c6 4. f4 d5 5. e5 Nh6 6. Be3 f6 7. Qd2 Ng4 8. Nf3 Nxe3 9. Qxe3 0-0 10. 0-0-0 Bh6 11. g3 Bg4 12. Be2 Nd7 13. e6 Nb6 14. Nd2 Bxe2 15. Qxe2 f5 16. h4 Rf6 17. Nf3 Nc4 18. h5 Bg7 19. hxg6 h6 20. Ne5 Rxe6 21. Qd3 Nd6 22. g4 fxg4 23. f5 Rxe5 24. dxe5 Nc4 25. Qg3 Bxe5 26. Qxg4 Qb6 27. b3 Qe3+ 28. Kb1 Qxc3 0-1

[Event "SUI-chT"]
[Site "Switzerland"]
[Date "2023.06.25"]
[Round "5.1"]
[White "Heimann, Andreas"]
[Black "Filipovic, Branko"]
[Result "0-1"]
[WhiteElo "2561"]
[BlackElo "2310"]
[PlyCount "38"]
[EventDate "2023.04.16"]
[EventType "team-tourn"]
[EventRounds "9"]
[EventCountry "SUI"]
[SourceTitle "EXT 2024"]
[Source "ChessBase"]
[SourceDate "2023.10.10"]
[SourceVersion "1"]
[SourceVersionDate "2023.10.10"]
[SourceQuality "1"]
[WhiteTeam "Riehen"]
[BlackTeam "Trubschachen"]
[WhiteTeamCountry "SUI"]
[BlackTeamCountry "SUI"]

1. e4 c5 2. Nf3 Nc6 3. d4 cxd4 4. Nxd4 Nf6 5. Nc3 e5 6. Ndb5 d6 7. Bg5 a6 8. Na3 b5 9. Nd5 Be7 10. Bxf6 Bxf6 11. c3 Rb8 12. Nc2 Bg5 13. a4 bxa4 14. Ncb4 Nxb4 15. Nxb4 Bd7 16. Bxa6 Qa5 17. Qxd6 Rb6 18. Qd3 Be7 19. Bc4 Rxb4 0-1

[Event "SUI-chT"]
[Site "Switzerland"]
[Date "2023.05.13"]
[Round "3.1"]
[White "Filipovic, Branko"]
[Black "Santos Ruiz, Miguel"]
[Result "0-1"]
[WhiteElo "2310"]
[BlackElo "2590"]
[PlyCount "134"]
[EventDate "2023.04.16"]
[EventType "team-tourn"]
[EventRounds "9"]
[EventCountry "SUI"]
[SourceTitle "EXT 2024"]
[Source "ChessBase"]
[SourceDate "2023.10.10"]
[SourceVersion "1"]
[SourceVersionDate "2023.10.10"]
[SourceQuality "1"]
[WhiteTeam "Trubschachen"]
[BlackTeam "Winterthur"]
[WhiteTeamCountry "SUI"]
[BlackTeamCountry "SUI"]

1. e4 c5 2. Nf3 d6 3. g3 Nf6 4. d3 g6 5. Bg2 Nc6 6. 0-0 Bg7 7. Nbd2 0-0 8. c3 e5 9. a4 h6 10. Nc4 Be6 11. Nfd2 d5 12. exd5 Bxd5 13. Bxd5 Qxd5 14. Qe2 Nh7 15. Ne4 b6 16. f3 f5 17. Nf2 Rae8 18. Bd2 Ng5 19. Bxg5 hxg5 20. Rae1 Bf6 21. Ne3 Qe6 22. Ng2 Kg7 23. Qd1 Rd8 24. Qc2 Rh8 25. h3 Qd7 26. Qe2 Rde8 27. Ne3 Qf7 28. Nc4 Re6 29. Rd1 Qe7 30. Kg2 Qf7 31. Rh1 Bd8 32. Rdg1 Bc7 33. Rh2 a6 34. Rgh1 b5 35. axb5 axb5 36. Nd2 Bd8 37. Ra1 Qb7 38. Rhh1 Bb6 39. Rhe1 Rd6 40. Nf1 Rhd8 41. Red1 Kf6 42. Ne3 Re6 43. Nc2 Rde8 44. Rf1 Kg7 45. Qd2 c4 46. Qxg5 cxd3 47. Ne3 Qf7 48. g4 f4 49. Nf5+ Kf8 50. Qh6+ Kg8 51. Nh4 Bd8 52. Nxd3 g5 53. Nf5 Qxf5 54. gxf5 Rxh6 55. Nf2 Ne7 56. Ng4 Rd6 57. f6 Nf5 58. Rfd1 Rxd1 59. Rxd1 Ne3+ 60. Nxe3 fxe3 61. Rd5 Bxf6 62. Kf1 Rb8 63. Ke2 Kf7 64. Kxe3 Ke6 65. Rc5 Be7 66. Rc6+ Bd6 67. Ra6 Rh8 0-1

[Event "Verbandsliga Suedbaden 2223"]
[Site "Germany"]
[Date "2023.01.22"]
[Round "5.1"]
[White "Korpa, Bence"]
[Black "Filipovic, Branko"]
[Result "1-0"]
[WhiteElo "2496"]
[BlackElo "2316"]
[PlyCount "91"]
[EventDate "2022.09.25"]
[EventType "team-tourn"]
[EventRounds "9"]
[EventCountry "GER"]
[SourceTitle "EXT 2024"]
[Source "ChessBase"]
[SourceDate "2023.10.10"]
[SourceVersion "1"]
[SourceVersionDate "2023.10.10"]
[SourceQuality "1"]
[WhiteTeam "Emmendingen"]
[BlackTeam "Dreisamtal"]
[WhiteTeamCountry "GER"]
[BlackTeamCountry "GER"]

1. Nf3 Nf6 2. d4 e6 3. Bf4 d5 4. Nbd2 c5 5. e3 Qb6 6. Rb1 Bd7 7. c4 cxd4 8. Nxd4 Bd6 9. Bxd6 Qxd6 10. Qb3 b6 11. cxd5 exd5 12. Be2 0-0 13. 0-0 Nc6 14. N2f3 Na5 15. Qd3 Rfd8 16. Rbc1 a6 17. Rc2 g6 18. Rfc1 Ba4 19. b3 Bd7 20. Qc3 Rdc8 21. Qb2 b5 22. Rxc8+ Rxc8 23. Rxc8+ Bxc8 24. Qc3 Qd8 25. Nc6 Nxc6 26. Qxc6 Kg7 27. Nd4 Qd7 28. Qc3 Bb7 29. f3 Qe7 30. b4 h5 31. Nb3 Qd6 32. Na5 d4 33. Qxd4 Qxd4 34. exd4 Bd5 35. a3 Ne8 36. Bd1 Nd6 37. Nb3 Bxb3 38. Bxb3 Nf5 39. d5 Kf6 40. Kf2 Ke5 41. g4 hxg4 42. fxg4 Nd6 43. h4 Kf4 44. h5 Kg5 45. Ke3 gxh5 46. gxh5 1-0

[Event "Verbandsliga Suedbaden 2223"]
[Site "Germany"]
[Date "2022.10.16"]
[Round "2.1"]
[White "Weindl, Alfred"]
[Black "Filipovic, Branko"]
[Result "1/2-1/2"]
[WhiteElo "2309"]
[BlackElo "2316"]
[PlyCount "20"]
[EventDate "2022.09.25"]
[EventType "team-tourn"]
[EventRounds "9"]
[EventCountry "GER"]
[SourceTitle "EXT 2024"]
[Source "ChessBase"]
[SourceDate "2023.10.10"]
[SourceVersion "1"]
[SourceVersionDate "2023.10.10"]
[SourceQuality "1"]
[WhiteTeam "Gottmadingen"]
[BlackTeam "Dreisamtal"]
[WhiteTeamCountry "GER"]
[BlackTeamCountry "GER"]

1. Nf3 d5 2. g3 Nf6 3. Bg2 Bf5 4. c4 c6 5. cxd5 cxd5 6. Qb3 Nc6 7. 0-0 e5 8. d3 Be7 9. Nc3 0-0 10. Bg5 Na5 1/2-1/2

[Event "SUI-chT"]
[Site "Switzerland"]
[Date "2021.11.06"]
[Round "6.1"]
[White "Filipovic, Branko"]
[Black "Gheorghiu, Florin"]
[Result "1/2-1/2"]
[WhiteElo "2362"]
[BlackElo "2375"]
[PlyCount "62"]
[EventDate "2021.08.29"]
[EventType "team-tourn"]
[EventRounds "9"]
[EventCountry "SUI"]
[SourceTitle "EXT 2023"]
[Source "ChessBase"]
[SourceDate "2022.10.05"]
[SourceVersion "1"]
[SourceVersionDate "2022.10.05"]
[SourceQuality "1"]
[WhiteTeam "Trubschachen"]
[BlackTeam "Echallens"]
[WhiteTeamCountry "SUI"]
[BlackTeamCountry "SUI"]

1. d4 Nf6 2. Bf4 c5 3. dxc5 Na6 4. f3 Nxc5 5. e4 Ne6 6. Bc1 g6 7. Nc3 d6 8. Be3 Bg7 9. Qd2 Bd7 10. Bc4 Qc7 11. Bb3 b5 12. Nge2 a5 13. a4 bxa4 14. Nxa4 Rb8 15. Nec3 0-0 16. 0-0 Rfe8 17. Rfd1 Rb4 18. Qf2 Reb8 19. Nd5 Nxd5 20. exd5 Bxa4 21. Rxa4 Nc5 22. Rxb4 Rxb4 23. Qd2 Nxb3 24. cxb3 Rxb3 25. Rc1 Qd8 26. Rc2 Be5 27. Qc1 Rb8 28. b3 f5 29. Rc7 Bf6 30. Ba7 Ra8 31. Bb6 Qe8 1/2-1/2

[Event "SUI-chT"]
[Site "Switzerland"]
[Date "2021.10.10"]
[Round "3.1"]
[White "Filipovic, Branko"]
[Black "Bogner, Sebastian"]
[Result "0-1"]
[WhiteElo "2362"]
[BlackElo "2581"]
[PlyCount "128"]
[EventDate "2021.08.29"]
[EventType "team-tourn"]
[EventRounds "9"]
[EventCountry "SUI"]
[SourceTitle "EXT 2023"]
[Source "ChessBase"]
[SourceDate "2022.10.05"]
[SourceVersion "1"]
[SourceVersionDate "2022.10.05"]
[SourceQuality "1"]
[WhiteTeam "Trubschachen"]
[BlackTeam "Reti"]
[WhiteTeamCountry "SUI"]
[BlackTeamCountry "SUI"]

1. d4 Nf6 2. Bf4 d5 3. e3 c5 4. Nf3 Nc6 5. Nbd2 cxd4 6. exd4 Bg4 7. c3 e6 8. Qb3 Qc8 9. h3 Bh5 10. Be2 Be7 11. 0-0 0-0 12. Rfe1 Rd8 13. Bf1 Bd6 14. Bxd6 Rxd6 15. a4 Qc7 16. Ne5 Rdd8 17. Qa3 Nxe5 18. Rxe5 Bg6 19. Re3 Rab8 20. Bd3 Nd7 21. Bxg6 hxg6 22. Nf3 Nb6 23. b3 Nc8 24. Ne5 Ne7 25. Rf3 Rf8 26. Re1 Rbc8 27. g4 Nc6 28. Nxc6 Qxc6 29. Kg2 Rc7 30. Ree3 Rfc8 31. h4 Qd7 32. Qa1 e5 33. Rxe5 Qxg4+ 34. Rg3 Qd7 35. Qe1 f6 36. Ree3 Kf7 37. Qb1 Qf5 38. Qxf5 gxf5 39. Rgf3 f4 40. Rxf4 Rxc3 41. Rff3 Rxe3 42. Rxe3 Rc2 43. h5 b6 44. Kf3 a6 45. Kg3 b5 46. axb5 axb5 47. f4 b4 48. Kg4 Rd2 49. Rh3 Rxd4 50. h6 gxh6 51. Kf5 Ke7 52. Rxh6 Re4 53. Rh7+ Kd6 54. Rf7 Re3 55. Rxf6+ Kc5 56. Rf8 Rxb3 57. Rc8+ Kd4 58. Rb8 Rb1 59. Ke6 b3 60. f5 b2 61. Kd6 Rf1 62. Rxb2 Rxf5 63. Rb4+ Ke3 64. Rb5 Ke4 0-1

[Event "Basel op"]
[Site "Basel"]
[Date "2020.01.05"]
[Round "6"]
[White "Filipovic, Branko"]
[Black "Salov, Sergej"]
[Result "1-0"]
[WhiteElo "2364"]
[BlackElo "2138"]
[PlyCount "65"]
[EventDate "2020.01.02"]
[EventType "swiss"]
[EventRounds "7"]
[EventCountry "SUI"]
[SourceTitle "CBM 194 Extra"]
[Source "ChessBase"]
[SourceDate "2020.03.31"]
[SourceVersion "1"]
[SourceVersionDate "2020.03.31"]
[SourceQuality "1"]

1. e4 c5 2. Nf3 e6 3. c3 d5 4. e5 d4 5. g3 Bd7 6. Bg2 Bc6 7. 0-0 Ne7 8. d3 Nf5 9. Qe2 Be7 10. Nbd2 Qd7 11. Ne4 dxc3 12. bxc3 h5 13. h4 Na6 14. Rd1 Bd5 15. Bf4 Rd8 16. Ne1 Kf8 17. Nc2 Qa4 18. Ne3 Nxe3 19. Qxe3 c4 20. dxc4 Qxc4 21. Nd6 Qc6 22. Bxd5 exd5 23. Qf3 Bxd6 24. exd6 Nc5 25. Rxd5 Ne6 26. Rad1 Nxf4 27. Qxf4 Rd7 28. Qe5 b6 29. Re1 Qc8 30. Qf5 Rd8 31. d7 Qc6 32. Qe4 Qe6 33. Qb4+ 1-0

[Event "Basel op"]
[Site "Basel"]
[Date "2020.01.04"]
[Round "4"]
[White "Filipovic, Branko"]
[Black "Martirosyan, Haik M"]
[Result "0-1"]
[WhiteElo "2364"]
[BlackElo "2613"]
[PlyCount "78"]
[EventDate "2020.01.02"]
[EventType "swiss"]
[EventRounds "7"]
[EventCountry "SUI"]
[SourceTitle "CBM 194 Extra"]
[Source "ChessBase"]
[SourceDate "2020.03.31"]
[SourceVersion "1"]
[SourceVersionDate "2020.03.31"]
[SourceQuality "1"]

1. e4 e6 2. d4 d5 3. exd5 exd5 4. Nf3 Nc6 5. Bd3 Bd6 6. 0-0 Nge7 7. c3 Bg4 8. Nbd2 Qd7 9. Re1 f6 10. Nf1 0-0-0 11. Ne3 h5 12. b4 Rhe8 13. a4 Nf5 14. a5 Nce7 15. b5 Nh4 16. b6 cxb6 17. Be2 Bxf3 18. Bxf3 Nxf3+ 19. Qxf3 bxa5 20. Rxa5 b6 21. Ra2 Nf5 22. Bd2 Nxe3 23. Bxe3 Re4 24. c4 Bb8 25. h3 f5 26. Rc1 dxc4 27. Rxc4+ Kb7 28. Rca4 Kc8 29. g3 h4 30. Bf4 Qd5 31. Kh2 hxg3+ 32. fxg3 a5 33. Bxb8 Kxb8 34. Rf2 g6 35. Qd3 Rde8 36. Qf3 Qc6 37. Qb3 Re3 38. Qa2 f4 39. gxf4 Rh8 0-1

[Event "Basel op"]
[Site "Basel"]
[Date "2020.01.02"]
[Round "1"]
[White "Kukreja, Sankalp"]
[Black "Filipovic, Branko"]
[Result "0-1"]
[WhiteElo "1702"]
[BlackElo "2364"]
[PlyCount "66"]
[EventDate "2020.01.02"]
[EventType "swiss"]
[EventRounds "7"]
[EventCountry "SUI"]
[SourceTitle "CBM 194 Extra"]
[Source "ChessBase"]
[SourceDate "2020.03.31"]
[SourceVersion "1"]
[SourceVersionDate "2020.03.31"]
[SourceQuality "1"]

1. e4 c5 2. c3 Nf6 3. e5 Nd5 4. d4 cxd4 5. Nf3 Nc6 6. cxd4 d6 7. Bc4 Nb6 8. Bb5 Bd7 9. Nc3 dxe5 10. dxe5 g6 11. 0-0 Bg7 12. Qe2 a6 13. Bxc6 Bxc6 14. Bf4 0-0 15. Rfd1 Qc8 16. Nd4 Qe8 17. Rac1 Rc8 18. Ne4 Bd5 19. Nc5 Bc4 20. Rxc4 Nxc4 21. Qxc4 b6 22. b4 bxc5 23. bxc5 Qd7 24. c6 Qg4 25. Nf3 Bxe5 26. Re1 Qxf4 27. Nxe5 Qxc4 28. Nxc4 Rxc6 29. Ne3 Rfc8 30. f3 Rc1 31. Kf2 Rxe1 32. Kxe1 Rc1+ 33. Kd2 Ra1 0-1

[Event "SUI-ch Seniors playoff"]
[Site "Leukerbad"]
[Date "2019.07.19"]
[Round "2"]
[White "Zuelle, Bruno"]
[Black "Filipovic, Branko"]
[Result "1/2-1/2"]
[WhiteElo "2021"]
[BlackElo "2379"]
[PlyCount "112"]
[EventDate "2019.07.19"]
[EventType "match (rapid)"]
[EventRounds "2"]
[EventCountry "SUI"]
[SourceTitle "EXT 2020"]
[Source "ChessBase"]
[SourceDate "2019.10.17"]
[SourceVersion "1"]
[SourceVersionDate "2019.10.17"]
[SourceQuality "1"]

1. Nf3 b6 2. g3 Bb7 3. Bg2 g6 4. 0-0 Bg7 5. d4 Nf6 6. c4 0-0 7. Nc3 Ne4 8. Qc2 Nxc3 9. Qxc3 c5 10. Be3 d6 11. Qd2 Nd7 12. Rac1 Bxf3 13. Bxf3 cxd4 14. Bxd4 Rc8 15. Bxg7 Kxg7 16. b3 Nf6 17. Bg2 Rc5 18. h3 Qc7 19. e4 Rc8 20. a4 a5 21. Rcd1 Qb8 22. f4 Nd7 23. e5 Rd8 24. exd6 Nf6 25. Qe2 Rxd6 26. Rxd6 Qxd6 27. Rd1 Qc7 28. Qe3 e5 29. f5 e4 30. g4 h6 31. fxg6 fxg6 32. Qd4 Rc6 33. Bxe4 Qg3+ 34. Bg2 Re6 35. Rf1 Qxb3 36. h4 Qe3+ 37. Qxe3 Rxe3 38. g5 hxg5 39. hxg5 Nd7 40. Bd5 Re7 41. Rb1 Re5 42. Bc6 Rxg5+ 43. Kf2 Ne5 44. Rxb6 Nxc4 45. Rb7+ Kh6 46. Bb5 Nd6 47. Rb8 Nxb5 48. Rxb5 Rf5+ 49. Kg3 Rxb5 50. axb5 a4 51. b6 a3 52. b7 a2 53. b8Q a1Q 54. Qf8+ Kh7 55. Qf7+ Qg7 56. Qxg7+ Kxg7 1/2-1/2

[Event "Pula op 33rd"]
[Site "Pula"]
[Date "2019.06.27"]
[Round "7"]
[White "Urh, Zala"]
[Black "Filipovic, Branko"]
[Result "1-0"]
[WhiteElo "2127"]
[BlackElo "2371"]
[PlyCount "77"]
[EventDate "2019.06.22"]
[EventType "swiss"]
[EventRounds "9"]
[EventCountry "CRO"]
[SourceTitle "CBM 191 Extra"]
[Source "ChessBase"]
[SourceDate "2019.09.30"]
[SourceVersion "1"]
[SourceVersionDate "2019.09.30"]
[SourceQuality "1"]

1. d4 e6 2. e4 d5 3. Nc3 Nc6 4. e5 f6 5. exf6 Nxf6 6. f4 Bb4 7. Nf3 Ne4 8. Bd2 Qf6 9. Bb5 Nxd2 10. Qxd2 0-0 11. g3 a6 12. Be2 Ba5 13. 0-0-0 b5 14. Qe3 Bb6 15. Rhe1 Bd7 16. Bf1 Rae8 17. Bh3 h6 18. Qg1 Bc8 19. Kb1 Qd8 20. Ne5 Na5 21. Ne2 Nc4 22. Nc1 a5 23. Ncd3 Qd6 24. g4 g5 25. fxg5 hxg5 26. Bg2 a4 27. h4 gxh4 28. g5 Kg7 29. Bh3 Ba5 30. Re2 a3 31. b3 Bc3 32. Qg4 Nb2 33. Nxb2 axb2 34. Qh5 Qe7 35. Ng6 Rh8 36. Qxh8+ Rxh8 37. Nxe7 Bd7 38. Nxd5 exd5 39. Re7+ 1-0

[Event "Pula op 33rd"]
[Site "Pula"]
[Date "2019.06.26"]
[Round "6"]
[White "Filipovic, Branko"]
[Black "Sestic, Nermin"]
[Result "1-0"]
[WhiteElo "2371"]
[BlackElo "2149"]
[PlyCount "89"]
[EventDate "2019.06.22"]
[EventType "swiss"]
[EventRounds "9"]
[EventCountry "CRO"]
[SourceTitle "CBM 191 Extra"]
[Source "ChessBase"]
[SourceDate "2019.09.30"]
[SourceVersion "1"]
[SourceVersionDate "2019.09.30"]
[SourceQuality "1"]

1. e4 e6 2. f4 d5 3. e5 c5 4. Nf3 Nc6 5. c3 Qb6 6. Na3 a6 7. Nc2 Nge7 8. d3 h5 9. g3 Nf5 10. Bh3 g6 11. Qe2 Be7 12. 0-0 Bd7 13. Ng5 Qc7 14. Re1 b5 15. Qf2 c4 16. dxc4 bxc4 17. Nf3 Rb8 18. Bxf5 gxf5 19. h4 Qa5 20. Rd1 Bc5 21. Be3 Bxe3 22. Nxe3 Ne7 23. Rd2 Nc8 24. Nd4 Nb6 25. Nd1 Na4 26. b4 Qb6 27. Rc1 Rg8 28. Ne3 Rg6 29. Kh2 Ke7 30. Ndxf5+ Kf8 31. Nd4 Qc7 32. Qf3 a5 33. a3 Nb6 34. Qxh5 Kg7 35. Qf3 Rh8 36. Rg2 Kf8 37. Rf1 Rg7 38. Ng4 Bc8 39. Nf6 Nd7 40. Nxd7+ Bxd7 41. Rb1 axb4 42. axb4 Rgh7 43. Qf2 Ke7 44. Ra1 Rb8 45. Nf3 1-0

[Event "Pula op 33rd"]
[Site "Pula"]
[Date "2019.06.25"]
[Round "5"]
[White "Suta, Andraz"]
[Black "Filipovic, Branko"]
[Result "1-0"]
[WhiteElo "2195"]
[BlackElo "2371"]
[PlyCount "71"]
[EventDate "2019.06.22"]
[EventType "swiss"]
[EventRounds "9"]
[EventCountry "CRO"]
[SourceTitle "CBM 191 Extra"]
[Source "ChessBase"]
[SourceDate "2019.09.30"]
[SourceVersion "1"]
[SourceVersionDate "2019.09.30"]
[SourceQuality "1"]

1. e4 c5 2. Nf3 Nc6 3. d4 cxd4 4. Nxd4 Nf6 5. Nc3 e6 6. Ndb5 Bc5 7. Nd6+ Ke7 8. Bf4 e5 9. Nf5+ Kf8 10. Bg5 d6 11. Bxf6 Qxf6 12. Nd5 Qd8 13. Nfe3 Be6 14. c3 a6 15. Bd3 Ne7 16. Bc2 Ng6 17. g3 h5 18. Qe2 Rc8 19. 0-0-0 b5 20. Kb1 Rb8 21. f4 Bxe3 22. Qxe3 Bxd5 23. exd5 exf4 24. gxf4 Ne7 25. Rhg1 b4 26. cxb4 Qb6 27. Qc3 f6 28. Qg3 g6 29. Rde1 Qxb4 30. b3 h4 31. Qe3 Rh7 32. Qe6 Qc3 33. Qxd6 Rc8 34. Bxg6 Rg7 35. Rc1 Qh3 36. Qxf6+ 1-0

[Event "Pula op 33rd"]
[Site "Pula"]
[Date "2019.06.24"]
[Round "4"]
[White "Filipovic, Branko"]
[Black "Tisaj, Domen"]
[Result "1/2-1/2"]
[WhiteElo "2371"]
[BlackElo "2232"]
[PlyCount "91"]
[EventDate "2019.06.22"]
[EventType "swiss"]
[EventRounds "9"]
[EventCountry "CRO"]
[SourceTitle "CBM 191 Extra"]
[Source "ChessBase"]
[SourceDate "2019.09.30"]
[SourceVersion "1"]
[SourceVersionDate "2019.09.30"]
[SourceQuality "1"]

1. e4 c5 2. Nf3 Nc6 3. c3 Nf6 4. e5 Nd5 5. Bc4 Nb6 6. Bb3 d5 7. exd6 Qxd6 8. d4 cxd4 9. Na3 Be6 10. Nb5 Qd7 11. Bxe6 Qxe6+ 12. Be3 Qd7 13. Nbxd4 e6 14. 0-0 Be7 15. Nxc6 Qxc6 16. Qe2 Bf6 17. Bd4 Bxd4 18. Nxd4 Qc4 19. Qf3 Qd5 20. Rfd1 Qxf3 21. Nxf3 Rc8 22. a4 Ke7 23. a5 Nd5 24. a6 b6 25. Nd4 Rc5 26. g3 Rd8 27. Rd3 Ke8 28. f4 Nc7 29. Re3 Nb5 30. Nb3 Rcd5 31. Ree1 g6 32. Kf2 Rd3 33. Re5 Nd6 34. Nd4 Nf5 35. Nc6 R8d7 36. Re2 R3d6 37. Ne5 Rd8 38. Ra4 Ne7 39. Nc4 Rd1 40. Na3 R8d5 41. Nc2 R1d2 42. Nd4 Rxe2+ 43. Kxe2 Kd7 44. b4 e5 45. fxe5 Rxe5+ 46. Kd3 1/2-1/2

[Event "Zuerich Easter op 2nd"]
[Site "Zuerich"]
[Date "2019.04.22"]
[Round "7"]
[White "Filipovic, Branko"]
[Black "Belezky, Alexander"]
[Result "1/2-1/2"]
[WhiteElo "2357"]
[BlackElo "2384"]
[PlyCount "22"]
[EventDate "2019.04.19"]
[EventType "swiss"]
[EventRounds "7"]
[EventCountry "SUI"]
[SourceTitle "CBM 189 Extra"]
[Source "ChessBase"]
[SourceDate "2019.06.03"]
[SourceVersion "1"]
[SourceVersionDate "2019.06.03"]
[SourceQuality "1"]

1. e4 c5 2. Nf3 d6 3. Bb5+ Bd7 4. Bxd7+ Qxd7 5. 0-0 Nc6 6. c3 Nf6 7. Qe2 e6 8. d4 cxd4 9. cxd4 d5 10. e5 Ne4 11. Be3 Be7 1/2-1/2

[Event "SUI-ch Seniors 118th"]
[Site "Lenzerheide"]
[Date "2018.07.17"]
[Round "4"]
[White "Filipovic, Branko"]
[Black "Thomann, Rudolf"]
[Result "1-0"]
[WhiteElo "2378"]
[BlackElo "2053"]
[PlyCount "61"]
[EventDate "2018.07.14"]
[EventType "tourn"]
[EventRounds "7"]
[EventCountry "SUI"]
[SourceTitle "EXT 2019"]
[Source "ChessBase"]
[SourceDate "2018.10.10"]
[SourceVersion "1"]
[SourceVersionDate "2018.10.10"]
[SourceQuality "1"]

1. d4 d5 2. Bf4 Nf6 3. e3 c5 4. Nf3 Nc6 5. Nbd2 e6 6. c3 cxd4 7. exd4 Be7 8. Bd3 h6 9. 0-0 0-0 10. Re1 Bd6 11. Bxd6 Qxd6 12. Ne5 Nd7 13. Qh5 Ncxe5 14. dxe5 Qe7 15. Nf3 Rd8 16. Re3 Nf8 17. Rae1 Bd7 18. Nd4 Nh7 19. Rg3 Kh8 20. f4 Rg8 21. Ree3 Raf8 22. Qe2 a6 23. Rh3 Re8 24. Qh5 f5 25. exf6 Qxf6 26. Nf3 Re7 27. Ne5 Be8 28. Bg6 Qxf4 29. Bxe8 Rgxe8 30. Ng6+ Kg8 31. Nxf4 1-0